Colour in the Union Flag - Statistics

General Stats
  • This quiz has been taken 420 times
  • The average score is 3 of 5
Answers on the Map
Answers color-coded by a green-red scale on the quiz's map according to % correct below.
 
Answer Stats
Answer % Correct
Blue (St. Andrew's Cross)
76%
Red (St. George's Cross)
74%
Red (St. Patrick's Cross)
58%
White (St. Andrew's Cross)
54%
White (St. George's Cross)
49%
No matching quizzes found
Score Distribution
Percent of People with Each Score
Percentile by Number Answered
Your Score History
You have not taken this quiz